LEADER 00851nam0 2200253 450 001 000015564 005 20190110164500.0 100 $a20080826d1968----km-y0itay50------ba 101 0 $aita 102 $aIT 105 $ay-------001yy 200 1 $a<>polizza di carico nel trasporto di carico e nel noleggio a viaggio$fNicola Balestra 210 $aMilano$cA. Giuffrè$d1968 215 $a226 p.$d26 cm 225 2 $aMonografie di diritto della navigazione 410 0$12001$aMonografie di diritto della navigazione 610 1 $aPolizze di carico 676 $a368.12$v19 700 1$aBalestra,$bNicola$0231085 801 0$aIT$bUNIPARTHENOPE$c20080826$gRICA$2UNIMARC 912 $a000015564 951 $a368.12/112$b17016$cNAVA4$d2008 996 $aPolizza di carico nel trasporto di carico e nel noleggio a viaggio$9666647 997 $aUNIPARTHENOPE